000 00650nam a22002537a 4500
001 BD-DhSAU 5168
003 BD-DhSAU
005 20150412112406.0
008 150412b1987 ii a||||r|||| 001 0 eng d
020 _a085226
040 _aBD-DhSAU
082 _222
_a527.52072
_bRAG
100 _aRaghunath, H. M.
245 _aGround water /
_cH. M. Raghunath.
250 _a2nd ed.
260 _aNew Delhi :
_bNew Age International,
_cc1987.
300 _av, 563 p. :
_bill. ;
_c23 cm.
504 _aIncludes index.
590 _ajoy
650 _aGroundwater.
650 _aSoil science.
650 _aEaux souterraines.
650 _aGrundwasser.
942 _2ddc
_cBOOK
999 _c5168
_d5168